Estatísticas para Libros de Harry Potter

Clique aqui para jogar o quiz

Estatísticas Gerais

  • Esse quiz foi jogado 16 vezes
  • A pontuação média é 3 de 7

Estatísticas das Respostas

Número Harry Potter y ... % Correto
1La Piedra Filosofal
79%
3El Prisionero de Azkaban
57%
2La Cámara Secreta
57%
7Las Reliquias de la Muerte
57%
4El Cáliz de Fuego
36%
5La Orden del Fénix
29%
6El Misterio del Príncipe
29%

Distribuição das Pontuações

Percentil de Números Respondidos

Porcentagem de Pessoas com Cada Pontuação

Sua Pontuação Histórica

Você não jogou esse quiz